[Event "Berkeley CC Christiansen FNM; 30/90, SD/"]
[Site "Berkeley"]
[Date "2012.06.01"]
[Round "4.2"]
[White "Acosta, Anthony Ro"]
[Black "Chamberlain, Ethan"]
[Result "0-1"]
[WhiteElo "1752"]
[BlackElo "1957"]
[PlyCount "56"]
[EventDate "2012.??.??"]

1. f4 c5 2. Nf3 Nf6 3. b3 d5 4. Bb2 Nc6 5. e3 Bg4 6. Bb5 Rc8 7. h3 Bd7 8. Ne5
Nxe5 9. fxe5 Bxb5 10. Nc3 Bc6 11. exf6 exf6 12. Qg4 Qd7 13. Qg3 Qd6 14. Qg4 Qe6
15. Qg3 g6 16. O-O-O Bd6 17. Qh4 Kd7 18. Rhf1 Be7 19. Qf2 Rhf8 20. Ne2 f5 21.
Nf4 Qd6 22. g4 fxg4 23. hxg4 f5 24. gxf5 Rxf5 25. e4 dxe4 26. a3 Qxf4 27. Qxf4
Rxf4 28. Rxf4 Ke6 0-1

[Event "Berkeley CC Christiansen FNM; 30/90, SD/"]
[Site "Berkeley"]
[Date "2012.06.15"]
[Round "6.3"]
[White "Acosta, Anthony Ro"]
[Black "Maser, Thomas F"]
[Result "0-1"]
[WhiteElo "1742"]
[BlackElo "1954"]
[PlyCount "49"]
[EventDate "2012.??.??"]

1. e4 e5 2. Nc3 Nf6 3. Bc4 c6 4. d3 Bb4 5. Bd2 O-O 6. a3 Ba5 7. Nge2 d5 8. Bb3
d4 9. Nb1 Nbd7 10. O-O Nc5 11. Bxa5 Qxa5 12. Ba2 Ne6 13. Nd2 Qc7 14. Rc1 c5 15.
h3 Bd7 16. c3 Qb6 17. cxd4 Nxd4 18. Nxd4 Qxb2 19. Bxf7+ Rxf7 20. Nf5 Bxf5 21.
exf5 Rd8 22. Ne4 Qd4 23. Qb3 Nd5 24. Rce1 Rxf5 25. Qxb7 {remainder illegible}
0-1

[Event "Berkeley CC De Firmian FNM; 30/90, SD/30"]
[Site "Berkeley"]
[Date "2012.04.06"]
[Round "2.2"]
[White "Acosta, Anthony Ro"]
[Black "Narayanan, Praveen"]
[Result "0-1"]
[WhiteElo "1692"]
[BlackElo "1961"]
[PlyCount "98"]
[EventDate "2012.??.??"]

1. e4 e6 2. d4 d5 3. Nc3 Bb4 4. exd5 exd5 5. Bd2 Nf6 6. g3 O-O 7. Bg2 Re8+ 8.
Nce2 Bd6 9. Bg5 Nc6 10. h3 h6 11. Be3 Bf5 12. c3 Ne4 13. Qc1 Qe7 14. Nf3 Nxg3
15. Nxg3 Bxg3 16. O-O Bd6 17. Bf4 Rad8 18. Qd2 Be4 19. Rae1 Qf6 20. Bxd6 Rxd6
21. Nh2 Rde6 22. f3 Bf5 23. Rxe6 Qxe6 24. Ng4 h5 25. Nf2 Qe3 26. Rd1 Na5 27. b3
Qxd2 28. Rxd2 Re1+ 29. Kh2 h4 30. Nd1 Nc6 31. f4 Be4 32. c4 Bxg2 33. Kxg2 dxc4
34. bxc4 Na5 35. Nb2 Rc1 36. c5 Rc3 37. Rf2 f5 38. Rf3 Rc1 39. Rf1 Rxf1 40.
Kxf1 Nc6 41. d5 Nb4 42. d6 cxd6 43. cxd6 Kf7 44. a3 Nd5 45. Nd3 Ke6 46. d7 Kxd7
47. Kf2 b6 48. Kf3 Ke6 49. Ne5 Nxf4 0-1

[Event "Berkeley CC Ch2011 FNM; 30/90, SD/30"]
[Site "Berkeley"]
[Date "2011.12.02"]
[Round "5.14"]
[White "Acosta, Anthony"]
[Black "Shan, Jonathan"]
[Result "1-0"]
[WhiteElo "1643"]
[BlackElo "1448"]
[PlyCount "99"]
[EventDate "2011.??.??"]
[SourceDate "2007.10.22"]

1. e4 c5 2. Bc4 Nc6 3. Nf3 Nf6 4. Nc3 d6 5. d4 cxd4 6. Nxd4 g6 7. Bg5 Bg7 8.
Nxc6 bxc6 9. Qd2 O-O 10. h4 Re8 11. O-O-O Rb8 12. Bb3 c5 13. e5 Ng4 14. exd6 h6
15. Bxe7 Rxe7 16. dxe7 Qxe7 17. Qd8+ Qf8 18. Qxf8+ Kxf8 19. Rd8+ Ke7 20. Rg8
Bd4 21. f3 Be3+ 22. Kb1 Nf6 23. Rxc8 Rxc8 24. Re1 Kf8 25. Rxe3 c4 26. Ba4 Rd8
27. b3 cxb3 28. axb3 Rd2 29. Re2 Rd4 30. Kb2 Rxh4 31. Bc6 Rh5 32. Ne4 Re5 33.
Rd2 Nh5 34. Rd8+ Kg7 35. Rd7 a5 36. Bd5 g5 37. Rxf7+ Kg6 38. Rd7 Nf4 39. Bf7+
Kg7 40. g3 Ng6 41. Bxg6+ Kxg6 42. Rd6+ Kg7 43. g4 Re7 44. c4 Rf7 45. Rd3 Kf8
46. Ka3 Ra7 47. Ka4 Ke7 48. Rd6 Rd7 49. Rxd7+ Kxd7 50. Kxa5 1-0

[Event "Berkeley CC Ch2011 FNM; 30/90, SD/30"]
[Site "Berkeley"]
[Date "2011.11.25"]
[Round "4.7"]
[White "Acosta, Anthony"]
[Black "Shaughnessy, Elizabeth"]
[Result "0-1"]
[WhiteElo "1643"]
[BlackElo "1582"]
[PlyCount "34"]
[EventDate "2011.??.??"]
[SourceDate "2007.10.22"]

1. e4 e5 2. Bc4 Nf6 3. Nc3 Bc5 4. d3 O-O 5. Bg5 d6 6. h3 Be6 7. Nge2 Nbd7 8.
Qd2 c6 9. f4 Nb6 10. Bb3 Bxb3 11. axb3 Nbd7 12. Na4 a6 13. Nxc5 Nxc5 14. fxe5
dxe5 15. Qb4 Qd6 16. Bxf6 Nxd3+ 17. cxd3 Qxb4+ 0-1

[Event "Berkeley CC Capablanca FNM; 30/90, SD/3"]
[Site "Berkeley"]
[Date "2011.10.14"]
[Round "5.10"]
[White "Acosta, Anthony"]
[Black "Sowell, Nelson M"]
[Result "1-0"]
[WhiteElo "1643"]
[BlackElo "1717"]
[PlyCount "53"]
[EventDate "2011.??.??"]
[SourceDate "2007.10.22"]

1. e4 Nf6 2. e5 Nd5 3. c4 Nb6 4. d4 d6 5. f4 dxe5 6. fxe5 Nc6 7. Be3 Bf5 8. Nf3
e6 9. a3 Be7 10. Nc3 O-O 11. Bd3 Bg4 12. O-O Qd7 13. c5 Nd5 14. Nxd5 Qxd5 15.
Qa4 Bxf3 16. Rxf3 f5 17. Rd1 Kh8 18. Bc4 Qd7 19. b4 a6 20. Qb3 Nd8 21. d5 exd5
22. Bxd5 Qe8 23. Qd3 c6 24. Bb3 Qh5 25. Qd7 Bg5 26. Bd4 Nf7 27. e6 {
remainder illegible} 1-0

[Event "Berkeley CC Ch2011 FNM; 30/90, SD/30"]
[Site "Berkeley"]
[Date "2011.12.16"]
[Round "7"]
[White "Acosta, Anthony"]
[Black "Wang, Michael Lei"]
[Result "1-0"]
[WhiteElo "1643"]
[BlackElo "1793"]
[PlyCount "115"]
[EventDate "2011.??.??"]
[SourceDate "2007.10.22"]

1. e4 c6 2. b3 d5 3. e5 c5 4. Bb2 Nc6 5. Bb5 e6 6. f4 Nh6 7. Nf3 Qa5 8. Nc3 d4
9. Bxc6+ bxc6 10. Ne4 Ba6 11. Nfg5 Rd8 12. Qf3 c4 13. bxc4 Qb6 14. Ba3 c5 15.
Qb3 d3 16. Qa4+ Rd7 17. c3 Be7 18. O-O Bc8 19. Rab1 Qc7 20. Qb5 O-O 21. Bxc5 a6
22. Qb6 Bxc5+ 23. Nxc5 Qxb6 24. Rxb6 Rc7 25. Nge4 f5 26. exf6 gxf6 27. Nxe6
Bxe6 28. Rxe6 Rxc4 29. Nxf6+ Kh8 30. Rxa6 Nf5 31. g3 Kg7 32. Nd5 Re8 33. Kg2
Rc5 34. Nb4 Rxc3 35. Ra7+ Kf8 36. dxc3 Ne3+ 37. Kh3 Nxf1 38. Nxd3 Re2 39. Ne5
Rxh2+ 40. Kg4 Rg2 41. Kf3 Rc2 42. c4 Rc3+ 43. Kf2 Nxg3 44. Rxh7 Ne4+ 45. Ke2
Ra3 46. Rc7 Rc3 47. a4 Ng3+ 48. Kf2 Ne4+ 49. Kg2 Rg3+ 50. Kh2 Ra3 51. Ra7 Nc5
52. f5 Rxa4 53. Rc7 Ne4 54. Kh3 Nd6 55. f6 Ra3+ 56. Kg4 Re3 57. Ng6+ Kg8 58.
Rg7# 1-0

[Event "Berkeley CC Capablanca FNM; 30/90, SD/3"]
[Site "Berkeley"]
[Date "2011.09.23"]
[Round "2.10"]
[White "Acosta, Anthony"]
[Black "Woebcke, Carl"]
[Result "0-1"]
[WhiteElo "1643"]
[BlackElo "1832"]
[PlyCount "76"]
[EventDate "2011.??.??"]
[SourceDate "2007.10.22"]

1. e4 c5 2. c3 d5 3. Bb5+ Bd7 4. Qa4 dxe4 5. Bxd7+ Qxd7 6. Qxe4 Nc6 7. Nf3 Nf6
8. Qe2 e6 9. O-O Be7 10. d4 cxd4 11. Rd1 Qc7 12. Nxd4 O-O 13. Bg5 Rad8 14. Nxc6
Rxd1+ 15. Qxd1 Qxc6 16. Nd2 Rd8 17. Qc2 Rd5 18. Nf3 h6 19. Bh4 g5 20. Bg3 Ne4
21. Nd4 Nxg3 22. hxg3 Qd6 23. Re1 Bf6 24. Qe4 Re5 25. Qb1 Rxe1+ 26. Qxe1 Bxd4
27. cxd4 Qxd4 28. Qc1 Kg7 29. Qc2 b5 30. Kf1 Qc4+ 31. Qxc4 bxc4 32. Ke2 Kf6 33.
Ke3 Ke5 34. g4 f5 35. gxf5 exf5 36. g3 f4+ 37. gxf4+ gxf4+ 38. Kf3 Kf5 0-1

[Event "Berkeley CC Ch2011 FNM; 30/90, SD/30"]
[Site "Berkeley"]
[Date "2011.11.11"]
[Round "2.16"]
[White "Acosta, Anthony"]
[Black "Xu, Young"]
[Result "1-0"]
[WhiteElo "1643"]
[BlackElo "1187"]
[PlyCount "45"]
[EventDate "2011.??.??"]
[SourceDate "2007.10.22"]

1. e4 e5 2. f4 exf4 3. Nf3 Nf6 4. Nc3 Bc5 5. d4 Bb6 6. Bxf4 Nc6 7. Bc4 O-O 8.
e5 Ng4 9. h3 Nh6 10. Bxh6 gxh6 11. Qd2 Re8 12. O-O-O d6 13. Qxh6 dxe5 14. Ng5
Bf5 15. Bxf7+ Kh8 16. Bxe8 Qxe8 17. Qf6+ Kg8 18. Qxf5 Qe7 19. Nd5 Qg7 20. Qe6+
Kh8 21. Nf7+ Kg8 22. Rhf1 Nxd4 23. Ne7+ {remainder illegible} 1-0

[Event "David Pruess FNM; 30/90, SD/30"]
[Site "Berkeley"]
[Date "2008.10.10"]
[Round "6.8"]
[White "Adsuara, Percival"]
[Black "Cole, Tony"]
[Result "1-0"]
[WhiteElo "1788"]
[BlackElo "1391"]
[PlyCount "51"]
[EventDate "2008.??.??"]
[SourceDate "2007.10.22"]

1. d4 d5 2. Bf4 Nf6 3. Nd2 Nc6 4. Ngf3 Bg4 5. c3 e6 6. h3 Bf5 7. e3 Bd6 8. Bg5
Be7 9. Bb5 a6 10. Bxc6+ bxc6 11. Ne5 c5 12. Qa4+ Kf8 13. dxc5 h6 14. Bxf6 Bxf6
15. Nd7+ Kg8 16. Rd1 c6 17. Qxc6 Kh7 18. e4 dxe4 19. Nxe4 Bxe4 20. Qxe4+ g6 21.
Qf3 Kg7 22. Nb6 Qb8 23. Nxa8 Qxb2 24. Nc7 Be5 25. Nxe6+ fxe6 26. Rd7+ 1-0

[Event "BCC David Pruess Marathon"]
[Site "?"]
[Date "2008.09.12"]
[Round "2.1"]
[White "Adsuara, Percival"]
[Black "Jahedi, Salar"]
[Result "1/2-1/2"]
[WhiteElo "1788"]
[BlackElo "2082"]
[PlyCount "130"]
[EventDate "2008.??.??"]
[SourceDate "2007.10.22"]

1. d3 d5 2. Nd2 Nf6 3. Ngf3 Nc6 4. c3 e5 5. Qc2 a5 6. e4 h6 7. Be2 Bc5 8. O-O
O-O 9. Nxe5 Nxe5 10. d4 Bd6 11. dxe5 Bxe5 12. Nf3 Qe7 13. Nxe5 Qxe5 14. exd5
Nxd5 15. Bc4 Bf5 16. Bd3 Bd7 17. f4 Qe7 18. Bd2 Bc6 19. Rae1 Qc5+ 20. Kh1 Rae8
21. a3 a4 22. f5 Rxe1 23. Rxe1 Qf2 24. Rf1 Qh4 25. Be1 Qg5 26. Bd2 Qh4 27. Be4
Ne3 28. Bxe3 Bxe4 29. Qf2 Qxf2 30. Rxf2 Rd8 31. h3 Rd3 32. Bd4 Rxh3+ 33. Kg1
Rh5 34. f6 c5 35. Be3 Re5 36. fxg7 Bxg2 37. Bf4 Re4 38. Kxg2 Kxg7 39. Kf3 Re6
40. Rd2 Rb6 41. c4 h5 42. Kg3 Rg6+ 43. Kh3 Rg4 44. Rg2 f5 45. Bd6 Kf6 46. Rxg4
hxg4+ 47. Kg3 Ke6 48. Bxc5 Ke5 49. Bb4 Ke4 50. Bd6 Ke3 51. c5 Ke4 52. Be7 Ke3
53. Bf6 Ke4 54. Bc3 Ke3 55. Be5 Ke4 56. Bf4 Kd5 57. Kh4 Kxc5 58. Kg5 Kc4 59.
Be5 Kb3 60. Kxf5 g3 61. Bxg3 Kxb2 62. Bd6 Kb3 63. Bb4 Kc4 64. Ke4 Kb5 65. Kd3
Ka6 1/2-1/2

[Event "David Pruess FNM; 30/90, SD/30"]
[Site "Berkeley"]
[Date "2008.09.26"]
[Round "4.4"]
[White "Adsuara, Percival"]
[Black "Sherwood, Peter"]
[Result "0-1"]
[WhiteElo "1788"]
[BlackElo "1755"]
[PlyCount "56"]
[EventDate "2008.??.??"]
[SourceDate "2007.10.22"]

1. d4 d5 2. Bf4 Nf6 3. Nd2 e6 4. c3 c5 5. e3 Nc6 6. Ngf3 cxd4 7. exd4 Qb6 8.
Qc2 Bd7 9. Ne5 Rc8 10. Nxc6 Bxc6 11. Bd3 Bb5 12. O-O Bxd3 13. Qxd3 Be7 14. Qc2
O-O 15. Nf3 Ne4 16. Ne5 Qxd4 17. Rad1 Qb4 18. Rd4 Qxd4 19. Qb3 Qb6 20. Qc2 Nf6
21. Be3 d4 22. Bg5 Qc7 23. Bf4 Bd6 24. Re1 dxc3 25. b3 Rfd8 26. Re3 Nd5 27. Rh3
g6 28. Bg5 Bxe5 0-1

[Event "BCC Annual Championship"]
[Site "?"]
[Date "2008.10.24"]
[Round "1.7"]
[White "Adsuara, Percival"]
[Black "Strand, Doug"]
[Result "1/2-1/2"]
[WhiteElo "1713"]
[BlackElo "1231"]
[PlyCount "80"]
[EventDate "2008.??.??"]
[SourceDate "2007.10.22"]

1. d4 b5 2. Bf4 e6 3. e4 Bb7 4. Bd3 a6 5. Nf3 c5 6. c3 Nf6 7. Nbd2 Be7 8. O-O
O-O 9. Be3 d6 10. Qc2 h6 11. Rad1 Nbd7 12. b3 Rc8 13. Qb1 Rc7 14. e5 dxe5 15.
dxe5 Nd5 16. Qb2 Nxe3 17. fxe3 Qa8 18. Rf2 Rd8 19. Bb1 f6 20. Qc2 f5 21. Nf1
Nf8 22. Rxd8 Qxd8 23. Rd2 Rd7 24. Ng3 Rxd2 25. Nxd2 Qd5 26. Nf3 g6 27. c4 bxc4
28. bxc4 Qc6 29. Qb3 Nd7 30. Ne2 Nxe5 31. e4 Nxf3+ 32. gxf3 Qd7 33. Bd3 Bd6 34.
Kg2 Bb8 35. Qc3 Qe7 36. Qd2 Qh4 37. Ng3 fxe4 38. Bxe4 Bxe4 39. fxe4 Bxg3 40.
hxg3 Qxe4+ {(then a perpetual check by white, black was low on time)} 1/2-1/2

[Event "BCC Annual Championship"]
[Site "?"]
[Date "2008.11.21"]
[Round "5.9"]
[White "Agrawal, Rajat"]
[Black "Clara, John A"]
[Result "0-1"]
[WhiteElo "1330"]
[BlackElo "1410"]
[PlyCount "100"]
[EventDate "2008.??.??"]
[SourceDate "2007.10.22"]

1. Nf3 Nc6 2. g3 e5 3. d3 d5 4. Bg2 Nf6 5. Nbd2 Bf5 6. Nh4 Be6 7. O-O Bc5 8. e4
Qd7 9. exd5 Nxd5 10. Ne4 Bb6 11. Nf3 Bg4 12. c3 f5 13. Ned2 O-O-O 14. Qa4 f4
15. Nc4 Qf5 16. Nxb6+ Nxb6 17. Qe4 Rxd3 18. Qxf5+ Bxf5 19. Re1 Bg4 20. Nd2 Rf8
21. Be4 Rd6 22. Bxc6 Rxc6 23. Rxe5 Rd6 24. f3 Bh3 25. Rh5 Nc4 26. Rxh3 Nxd2 27.
Kf2 fxg3+ 28. Kxg3 Rxf3+ 29. Kg2 Rxh3 30. Kxh3 Kd7 31. Bxd2 Rxd2 32. Rf1 Rxb2
33. Rf7+ Kc6 34. Rxg7 Rxa2 35. Rg3 Ra3 36. Kh4 a5 37. Kh5 b5 38. Kh6 b4 39.
cxb4 Rxg3 40. b5+ Kxb5 41. hxg3 a4 42. g4 a3 43. g5 a2 44. Kxh7 a1=Q 45. g6
Qh1+ 46. Kg7 c5 47. Kg8 c4 48. g7 Qh6 49. Kf7 Qxg7+ 50. Kxg7 c3 0-1

[Event "BCC Annual Championship"]
[Site "?"]
[Date "2008.11.07"]
[Round "3"]
[White "Agrawal, Rajat"]
[Black "Cooklev, Steven"]
[Result "1-0"]
[WhiteElo "1330"]
[BlackElo "1287"]
[PlyCount "61"]
[EventDate "2008.??.??"]
[SourceDate "2007.10.22"]

1. Nf3 f5 2. g3 e6 3. Bg2 Nf6 4. O-O d5 5. d3 c6 6. Nbd2 h5 7. Nh4 Bd6 8. Ng6
Rh6 9. Nh4 g5 10. Ndf3 gxh4 11. Bxh6 hxg3 12. hxg3 h4 13. Nxh4 Nbd7 14. e4 Ng4
15. exf5 Ndf6 16. Bg5 Be7 17. Ng6 Ne5 18. Nxe5 exf5 19. Bxf6 Bxf6 20. Qh5+ Ke7
21. Rfe1 Bxe5 22. Rxe5+ Kd6 23. Rae1 Bd7 24. c4 d4 25. Qh6+ Kc7 26. Qf4 Kb6 27.
Qxd4+ Kc7 28. Re7 b6 29. c5 b5 30. Qd6+ Kc8 31. Bxc6 1-0

[Event "BCC Championship"]
[Site "Berkeley"]
[Date "2008.12.12"]
[Round "7.10"]
[White "Agrawal, Rajat"]
[Black "Stoll, Danny"]
[Result "0-1"]
[WhiteElo "1330"]
[BlackElo "1200"]
[PlyCount "98"]
[EventDate "2008.??.??"]
[SourceDate "2007.10.22"]

1. Nf3 c5 2. g3 d5 3. Bg2 Nf6 4. O-O Bf5 5. d3 Qd7 6. Nbd2 Bh3 7. Re1 Bxg2 8.
Kxg2 Nc6 9. e4 dxe4 10. dxe4 Ng4 11. c3 e6 12. a4 Nge5 13. Qc2 Qd3 14. Qxd3
Nxd3 15. Re3 O-O-O 16. Ng5 Nce5 17. b3 Nxc1 18. Rxc1 Rxd2 19. Nf3 Nxf3 20. Kxf3
Be7 21. b4 Rhd8 22. h4 Ra2 23. a5 Rdd2 24. Rf1 cxb4 25. cxb4 Bxb4 26. a6 Rac2
27. axb7+ Kxb7 28. Rb3 Rc3+ 29. Rxc3 Bxc3 30. Ke3 f5 31. Rc1 Bb4 32. Rb1 a5 33.
Rxb4+ axb4 34. Kxd2 fxe4 35. Kc2 Kc6 36. Kb2 Kb5 37. Kb3 Kc5 38. g4 g6 39. g5
e5 40. Kb2 Kc4 41. Kc2 b3+ 42. Kb2 Kd3 43. Kxb3 Ke2 44. Kc4 Kxf2 45. Kd5 e3 46.
Kxe5 e2 47. h5 e1=Q+ 48. Kf6 Qc3+ 49. Kf7 gxh5 0-1

[Event "BCC Annual Championship"]
[Site "?"]
[Date "2008.10.24"]
[Round "1.4"]
[White "Agrawal, Rajat"]
[Black "Watson, Farid"]
[Result "0-1"]
[WhiteElo "1330"]
[BlackElo "1955"]
[PlyCount "56"]
[EventDate "2008.??.??"]
[SourceDate "2007.10.22"]

1. Nf3 g6 2. g3 Bg7 3. Bg2 d6 4. O-O c5 5. d3 Nc6 6. Nbd2 e5 7. e4 Nge7 8. c3
O-O 9. Re1 Rb8 10. a4 h6 11. Nc4 Be6 12. Ne3 f5 13. exf5 gxf5 14. Nf1 Qd7 15.
Qc2 Ng6 16. Bd2 Qf7 17. Ne3 f4 18. Nc4 Rbd8 19. a5 Bg4 20. h3 Bxf3 21. Bxf3
fxg3 22. Re3 Nh4 23. Qd1 Nxf3+ 24. Rxf3 Qxf3 25. Qf1 gxf2+ 26. Kh2 d5 27. Ne3
e4 28. dxe4 Be5# 0-1

[Event "Berkeley CC Colle FNM; 30/90, SD/30"]
[Site "Berkeley"]
[Date "2011.06.24"]
[Round "3.6"]
[White "Alcaraz, Joel"]
[Black "Glasscoe, Alan"]
[Result "0-1"]
[WhiteElo "1638"]
[BlackElo "1801"]
[PlyCount "46"]
[EventDate "2011.??.??"]
[SourceDate "2007.10.22"]

1. e4 Nc6 2. Nf3 f5 3. exf5 d5 4. d4 Bxf5 5. c3 Nf6 6. Bf4 a6 7. Bd3 Qd7 8.
Bxf5 Qxf5 9. Bxc7 e6 10. O-O Be7 11. Nbd2 O-O 12. Qb3 b5 13. Rae1 Rac8 14. Be5
Qg4 15. h3 Qh5 16. Bxf6 Rxf6 17. Ne5 Nd8 18. Ndf3 Nb7 19. Ng4 Rxf3 20. gxf3
Qxh3 21. Ne5 Bg5 22. Rd1 Bf4 23. Rfe1 Bh2+ 0-1

[Event "Berkeley CC Colle FNM; 30/90, SD/30"]
[Site "Berkeley"]
[Date "2011.07.08"]
[Round "5.7"]
[White "Alcaraz, Joel"]
[Black "Muntean, Tudor"]
[Result "0-1"]
[WhiteElo "1638"]
[BlackElo "1755"]
[PlyCount "42"]
[EventDate "2011.??.??"]
[SourceDate "2007.10.22"]

1. e4 d5 2. exd5 Nf6 3. d4 Bg4 4. Be2 Bxe2 5. Nxe2 Qxd5 6. O-O Nc6 7. Be3 O-O-O
8. c3 e5 9. Nd2 Bd6 10. Ng3 exd4 11. cxd4 Nxd4 12. Qa4 Bc5 13. Rfd1 Qe5 14.
Bxd4 Rxd4 15. Qc2 Rhd8 16. Ngf1 Ng4 17. Nf3 Rxd1 18. Nxe5 Bxf2+ 19. Kh1 Rxa1
20. g3 Rxf1+ 21. Kg2 Ne3+ 0-1

[Event "BCC Josh Friedel Marathon"]
[Site "Berkeley"]
[Date "2008.08.01"]
[Round "4.2"]
[White "Anchondo, Francisco"]
[Black "Gaffagan, Steven R"]
[Result "0-1"]
[WhiteElo "1970"]
[BlackElo "2022"]
[PlyCount "40"]
[EventDate "2008.??.??"]
[SourceDate "2007.10.22"]

1. e4 c5 2. d4 cxd4 3. c3 Nf6 4. e5 Nd5 5. cxd4 d6 6. f4 Nc6 7. Nf3 Bg4 8. Nc3
dxe5 9. Qb3 Bxf3 10. gxf3 Nb6 11. d5 Nd4 12. Bb5+ Nd7 13. Qd1 Nxb5 14. Nxb5
Qa5+ 15. Nc3 g6 16. O-O Bg7 17. Be3 O-O 18. d6 exd6 19. Qxd6 exf4 20. b4 Qg5+
0-1

[Event "Joseph Henry Blackburne FNM; 30/90, SD/"]
[Site "Berkeley"]
[Date "2009.03.20"]
[Round "2.4"]
[White "Andries, W Craig"]
[Black "Clara, John A"]
[Result "1/2-1/2"]
[WhiteElo "1867"]
[BlackElo "1439"]
[PlyCount "131"]
[EventDate "2009.??.??"]
[SourceDate "2007.10.22"]

1. Nf3 d6 2. e4 Nf6 3. d3 g6 4. g3 Bg7 5. Bg2 O-O 6. O-O Bg4 7. Nbd2 Qd7 8. c3
c5 9. Nc4 Nc6 10. Qe2 b5 11. Ne3 b4 12. Nxg4 Nxg4 13. Bd2 Rab8 14. h3 Nge5 15.
Ne1 Qc7 16. f4 Nd7 17. Nf3 bxc3 18. bxc3 Rb2 19. Qe3 Qa5 20. d4 cxd4 21. cxd4
Rxd2 22. Qxd2 Bxd4+ 23. Kh1 Qxd2 24. Nxd2 Bxa1 25. Rxa1 Nd4 26. Rc1 Nc5 27. Bf1
Rb8 28. e5 Rb2 29. exd6 exd6 30. Nc4 Rxa2 31. Nxd6 Ndb3 32. Re1 Ra1 33. Rxa1
Nxa1 34. Bc4 Ne6 35. g4 a5 36. f5 Nd8 37. fxg6 hxg6 38. Bb5 Nb3 39. Nc4 Nb7 40.
Nb2 Nd6 41. Bc6 Nc5 42. Kg2 Kg7 43. Kf3 g5 44. Ke3 Ne6 45. Bg2 Nf4 46. Bf1 f5
47. Kd4 Kf6 48. Nc4 Nxc4 49. Kxc4 Ke5 50. Kb5 Ke4 51. gxf5 Kxf5 52. Kxa5 Ke4
53. Kb4 Kf3 54. Kc3 Kf2 55. Bb5 Nxh3 {a theoretical draw} 56. Bd7 Ng1 57. Kd3
Kf3 58. Kd4 Kf4 59. Kd3 Nf3 60. Ke2 Nd4+ 61. Kf2 Nf5 62. Kg2 g4 63. Bc8 Ne3+
64. Kg1 g3 65. Bd7 Nd5 66. Bc8 {draw agreed in a few more moves} 1/2-1/2

[Event "Berkeley CC FNM; 30/90, SD/30"]
[Site "Berkeley"]
[Date "2009.05.15"]
[Round "3.1"]
[White "Andries, W Craig"]
[Black "Glasscoe, Alan S"]
[Result "0-1"]
[WhiteElo "1866"]
[BlackElo "1847"]
[PlyCount "81"]
[EventDate "2009.??.??"]
[SourceDate "2007.10.22"]

1. Nf3 Nc6 2. d3 d6 3. e4 e5 4. Nbd2 f5 5. g3 Nf6 6. Bg2 Be7 7. c3 O-O 8. O-O
Qe8 9. Nh4 f4 10. Nf5 Qg6 11. Nf3 Ne8 12. Qa4 Kh8 13. d4 Bxf5 14. exf5 Qxf5 15.
d5 Nd8 16. gxf4 Nf7 17. Bd2 Bf6 18. Rae1 exf4 19. Bxf4 Bg5 20. Bg3 Nf6 21. Nd4
Qc8 22. Ne6 Rg8 23. Bh3 Qb8 24. Qd4 Ne8 25. Qg4 Bf6 26. f4 Nh6 27. Qh5 b5 28.
Ng5 Qd8 29. Be6 Rf8 30. Nf7+ Nxf7 31. Bxf7 Qd7 32. Be6 Qd8 33. Bf5 g6 34. Bxg6
Qd7 35. Re6 Kg8 36. Bd3 c6 37. Rfe1 Rf7 38. dxc6 Qxc6 39. Be4 Qb6+ 40. Bf2 Rg7+
41. Kf1 0-1

[Event "Purdy FNM; 30/90, SD/30"]
[Site "Berkeley"]
[Date "2010.01.08"]
[Round "1.8"]
[White "Andries, W Craig"]
[Black "Hirsch, Jack"]
[Result "1-0"]
[WhiteElo "1922"]
[BlackElo "1355"]
[PlyCount "61"]
[EventDate "2010.??.??"]
[SourceDate "2007.10.22"]

1. e4 e5 2. d3 Bc5 3. Nf3 d6 4. Nbd2 Nf6 5. h3 Nc6 6. g3 Be6 7. Bg2 h6 8. c3
Ne7 9. a4 a5 10. Qe2 c6 11. O-O Ng6 12. d4 exd4 13. cxd4 Bb6 14. b3 Qc8 15. Kh2
d5 16. e5 Nh7 17. Ba3 Ng5 18. h4 Nxf3+ 19. Nxf3 Bg4 20. Qd2 Qd7 21. Ng1 Ne7 22.
f3 Be6 23. Ne2 O-O 24. f4 Rfe8 25. Rf2 Nf5 26. Raf1 Rac8 27. g4 Nxh4 28. f5
Bxf5 29. gxf5 Nxg2 30. Rxg2 Kh8 31. f6 1-0

[Event "BCC Adolf Anderssen Friday Night Marath"]
[Site "Berkeley"]
[Date "2009.02.13"]
[Round "6"]
[White "Andries, W Craig"]
[Black "Krasnov, Steven"]
[Result "0-1"]
[WhiteElo "1867"]
[BlackElo "1927"]
[PlyCount "110"]
[EventDate "2009.??.??"]
[SourceDate "2007.10.22"]

1. e4 c5 2. Nf3 e6 3. d3 Nc6 4. Nbd2 d5 5. g3 Nf6 6. Bg2 Be7 7. O-O O-O 8. c3
Qc7 9. Re1 d4 10. e5 dxc3 11. bxc3 Nd5 12. Qc2 b6 13. a3 Qd7 14. c4 Nc7 15. Bb2
Bb7 16. Rad1 Rad8 17. Ne4 Ne8 18. h4 Nd4 19. Nxd4 cxd4 20. Qe2 Kh8 21. Bc1 Qc6
22. f4 g6 23. Rd2 Ng7 24. Qg4 Qc8 25. Rde2 h5 26. Qf3 Nf5 27. Kh2 Kg7 28. Bh3
Qa8 29. Qf2 Rd7 30. Bxf5 exf5 31. Nd2 Qd8 32. Bb2 Bc5 33. Nf3 Be4 34. Rd2 (34.
dxe4 d3 35. Qg2 dxe2 36. e6+ Kh6 37. exd7 $18) 34... Bxf3 35. Qxf3 Qa8 36. Qf2
Re8 37. Rde2 Qc6 38. Qg2 Qe6 39. Qf3 a6 40. Kg2 Kg8 41. Rb1 Rde7 42. Qd5 Rd7
43. Qxe6 fxe6 44. Bc1 Rb8 45. Rc2 Kf7 46. a4 Rdb7 47. Kf3 Ke7 48. Ke2 Kd7 49.
Rb3 Kc6 50. Rcb2 b5 51. cxb5+ axb5 52. Rxb5 Rxb5 53. axb5+ Rxb5 54. Ra2 Kd5 55.
Ra8 Rb4 {W time exp} 0-1

[Event "Berkeley CC Santasiere FNM; 30/90, SD/3"]
[Site "Berkeley CA"]
[Date "2009.08.14"]
[Round "2.1"]
[White "Andries, W Craig"]
[Black "Krasnov, Steven"]
[Result "1-0"]
[WhiteElo "1926"]
[BlackElo "1893"]
[PlyCount "59"]
[EventDate "2009.??.??"]
[SourceDate "2007.10.22"]

1. Nf3 d5 2. d3 Nf6 3. Nbd2 c5 4. g3 Nc6 5. Bg2 g6 6. O-O Bg7 7. c3 O-O 8. Nb3
b6 9. Nbd2 Qc7 10. Re1 Rd8 11. Qc2 Bb7 12. e4 dxe4 13. dxe4 Ba6 14. e5 Bd3 15.
Qa4 Ne8 16. e6 fxe6 17. Rxe6 Rac8 18. Ng5 Rd6 19. Nde4 b5 20. Qa3 b4 21. Qb3 c4
22. Qa4 Bxe4 23. Rxe4 bxc3 24. Qxc4+ e6 25. Rxe6 Ne7 26. Qe2 cxb2 27. Bxb2 Bxb2
28. Rxe7 Qd8 29. Bd5+ Rxd5 30. Qe6+ 1-0

[Event "Berkeley CC FNM; 30/90, SD/30"]
[Site "Berkeley"]
[Date "2009.05.01"]
[Round "1.3"]
[White "Andries, W Craig"]
[Black "Landrum, Brett"]
[Result "1-0"]
[WhiteElo "1866"]
[BlackElo "1407"]
[PlyCount "77"]
[EventDate "2009.??.??"]
[SourceDate "2007.10.22"]

1. e4 e5 2. d3 Nc6 3. Nf3 Nf6 4. g3 Bc5 5. Bg2 O-O 6. O-O d6 7. c3 Bg4 8. h3
Be6 9. Nbd2 Nh5 10. Kh2 a5 11. a4 h6 12. Nh4 Nf6 13. Qe2 Qc8 14. f4 exf4 15.
gxf4 Nh7 16. d4 Bxd4 17. cxd4 Nxd4 18. Qd3 c5 19. Nhf3 Nxf3+ 20. Rxf3 Qc7 21.
Kh1 Rad8 22. f5 Bd7 23. Nc4 Bc6 24. Rg3 Kh8 25. Bf4 Qd7 26. Bxd6 Rfe8 27. e5
Bxa4 28. Rg1 Rg8 29. e6 fxe6 30. Ne5 Nf6 31. Nxd7 Rxd7 32. fxe6 Rdd8 33. e7 Rd7
34. Bf3 Ne8 35. Rg6 b6 36. Bg4 Bc6+ 37. Kh2 c4 38. Qd2 Nf6 39. Rxf6 1-0

[Event "BCC Adolf Anderssen Friday Night Marath"]
[Site "Berkeley"]
[Date "2009.01.30"]
[Round "4.2"]
[White "Andries, W Craig"]
[Black "Motschenbacher, Von"]
[Result "1/2-1/2"]
[WhiteElo "1867"]
[BlackElo "1772"]
[PlyCount "50"]
[EventDate "2009.??.??"]
[SourceDate "2007.10.22"]

1. e4 e6 2. d3 d5 3. Nd2 Nf6 4. Ngf3 c5 5. g3 Nc6 6. Bg2 Be7 7. O-O O-O 8. Re1
Re8 9. Qe2 dxe4 10. dxe4 e5 11. c3 Bg4 12. h3 Bd7 13. Nc4 Qc7 14. Bg5 Rad8 15.
Bxf6 Bxf6 16. Ne3 Be6 17. b3 Qb8 18. Kh2 Rd7 19. Rad1 Red8 20. Rxd7 Rxd7 21.
Rd1 Rxd1 22. Qxd1 Qd8 23. Qc2 b5 24. Bf1 a6 25. Be2 g6 1/2-1/2